Olympischer Medaillenspiegel - Tennis - Statistiken

Allgemein
  • Dieses Quiz wurde 177 mal gespielt
  • Das Durchschnittsergebnis liegt bei 11 aus 16
Antwortstatistiken
Gesamt Gold Silber Bronze Land % Korrekt
11 3 6 2 Deutschland
97%
39 21 6 12 Vereinigte Staaten
97%
13 2 7 4 Spanien
95%
8 3 3 2 Russland
88%
19 5 6 8 Frankreich
87%
5 1 1 3 Australien
85%
6 3 3 0 Schweiz
85%
43 17 14 12 Großbritannien
71%
8 0 3 5 Schweden
71%
5 0 2 3 Argentinien
69%
8 1 3 4 Tschechien
69%
4 1 1 2 Tschechoslowakei
68%
5 1 1 3 Kroatien
53%
4 2 1 1 Chile
40%
6 3 2 1 Südafrika
28%
6 1 2 3 Gemischte Mannschaft
0%
Keine übereinstimmenden Quizze gefunden
Verteilung der Resultate
Anzahl Personen mit jedem Resultat
Perzentil nach korrekt beantworteten Fragen
Ihre Resultats-Entwicklung
Sie haben dieses Quiz noch nicht gespielt